zpět

Detail výsledku týmu

Pod Komínem, Šumperk

Datum a čas kvízu

26.5 Celkem bodů Celkový počet nahraných bodů na tomto kvízu bez doplňovacích otázek.
1. Pořadí na kvízu Konečné umístění týmu na tomto kvízu.

Zaznamenané odpovědi

# Otázka Odpověď Body Výsledky
1. Sociální demokraté si na svém... Ondřej Veselý, Michal Šmarda, Jana Maláčová, Tomáš Petříček, Roman Onderka 0.5
2. Hasiči z hesenského Bensheimu... krysu 0
3. V minulých dnech bylo oznámeno... Marek Ztracený 1
4. Irský oděvní řetězec, populárn... Primark 0
5. Norský biatlonista Johannes Th... na střelnici vystřelil méněkrát, než je povoleno 0
6. Karlovy Vary, Kutná Hora, Klad... Klatovy 1
7. Francium, rubidium, cesium, dr... lithium (Li) 0
8. Babiš, Sobotka, Zeman, Topolán... Josef Tošovský 1
9. Bohdalová, Kubišová, Rettigová... Božena Němcová 1
10. Komedie omylů, Zkrocení zlé že... Mnoho povyku pro nic 0